[Event "Subotica-ch op"]
[Site "Subotica"]
[Date "2017.03.06"]
[Round "6"]
[White "Janjusevic, Branislav"]
[Black "Vujevic, Marko"]
[Result "0-1"]
[WhiteElo "1943"]
[BlackElo "1612"]
[PlyCount "92"]
[EventDate "2017.02.22"]
[EventType "swiss"]
[EventRounds "9"]
[EventCountry "SRB"]
[SourceTitle "CBM 177 Extra"]
[Source "ChessBase"]
[SourceDate "2017.04.27"]
[SourceVersion "1"]
[SourceVersionDate "2017.04.27"]
[SourceQuality "1"]

1. e4 d5 2. exd5 Qxd5 3. Nc3 Qd6 4. Nf3 Nf6 5. d4 g6 6. Be3 Bg7 7. Qd2 0-0 8. Nb5 Qd8 9. c4 Ne4 10. Qc2 Nd6 11. Nc3 Nf5 12. Rd1 Nxe3 13. fxe3 Na6 14. a3 c5 15. Be2 cxd4 16. exd4 b6 17. 0-0 Bb7 18. d5 Rc8 19. Nb5 Ra8 20. d6 exd6 21. Nxd6 Qc7 22. b4 Rad8 23. Nxb7 Qxb7 24. Rxd8 Rxd8 25. Ng5 f6 26. Ne6 Re8 27. Bf3 Qe7 28. Qa4 Nb8 29. Bd5 Kh8 30. h3 Qd7 31. Qb3 Rxe6 32. Bxe6 Qxe6 33. Qd3 Nc6 34. Qd5 Qc8 35. Rd1 Qe8 36. b5 Ne5 37. Qd8 Qf8 38. Qc7 Qxa3 39. Qc8+ Bf8 40. Rd8 Kg7 41. Qb7+ Kh6 42. Qe4 Bc5+ 43. Kh2 Qc1 44. Qh4+ Kg7 45. Qe4 Bg1+ 46. Kg3 Qg5+ 0-1

[Event "Subotica-ch op"]
[Site "Subotica"]
[Date "2017.03.03"]
[Round "5"]
[White "Vujevic, Marko"]
[Black "Mrzic, Branko"]
[Result "1-0"]
[WhiteElo "1612"]
[BlackElo "1908"]
[PlyCount "83"]
[EventDate "2017.02.22"]
[EventType "swiss"]
[EventRounds "9"]
[EventCountry "SRB"]
[SourceTitle "CBM 177 Extra"]
[Source "ChessBase"]
[SourceDate "2017.04.27"]
[SourceVersion "1"]
[SourceVersionDate "2017.04.27"]
[SourceQuality "1"]

1. e4 e6 2. g3 d5 3. Bg2 Nf6 4. exd5 exd5 5. d4 Be7 6. Nf3 Bg4 7. Qd3 0-0 8. 0-0 c6 9. Ne5 Bc8 10. Nc3 Nbd7 11. f4 Nxe5 12. fxe5 Ne8 13. Ne2 Nc7 14. Rf2 Ne6 15. Be3 a5 16. a4 b6 17. Nf4 Nxf4 18. Bxf4 Be6 19. Kh1 Qd7 20. b3 Bf5 21. Qd2 c5 22. c3 Rac8 23. Raf1 Be6 24. Bg5 cxd4 25. cxd4 Bxg5 26. Qxg5 b5 27. Ra2 b4 28. Raf2 Qd8 29. Qh5 Qd7 30. Rf4 Qd8 31. Rh4 h6 32. Rf6 Rc1+ 33. Bf1 Rxf1+ 34. Rxf1 Qg5 35. Qe2 Rc8 36. Qb5 Qe3 37. Rhf4 g5 38. R4f3 Qe4 39. Qxa5 Qc2 40. Qa6 Rc3 41. R1f2 Qc1+ 42. Qf1 1-0

[Event "Subotica-ch op"]
[Site "Subotica"]
[Date "2017.02.24"]
[Round "2"]
[White "Vujevic, Marko"]
[Black "Fatyol, Istvan"]
[Result "1/2-1/2"]
[WhiteElo "1612"]
[BlackElo "1939"]
[PlyCount "99"]
[EventDate "2017.02.22"]
[EventType "swiss"]
[EventRounds "9"]
[EventCountry "SRB"]
[SourceTitle "CBM 177 Extra"]
[Source "ChessBase"]
[SourceDate "2017.04.27"]
[SourceVersion "1"]
[SourceVersionDate "2017.04.27"]
[SourceQuality "1"]

1. e4 c5 2. Nc3 Nc6 3. g3 g6 4. Bg2 Bg7 5. d3 Nf6 6. f4 d5 7. Nf3 Nd7 8. 0-0 0-0 9. Rb1 a6 10. h3 Rb8 11. Bd2 b6 12. Qc1 Bb7 13. f5 Nd4 14. Bh6 Nxf3+ 15. Bxf3 Ne5 16. Bxg7 Nxf3+ 17. Rxf3 Kxg7 18. Rf4 g5 19. Rg4 f6 20. h4 Rg8 21. hxg5 Kf7 22. Kf2 Rg7 23. Qh1 Qg8 24. Qh5+ Kf8 25. g6 hxg6 26. fxg6 Bc8 27. Rf4 Rxg6 28. Qh2 Be6 29. Rh4 Qf7 30. Rh7 Rg7 31. Qh6 Qg6 32. Rh8+ Bg8 33. Qxg6 Rxg6 34. Nxd5 Kf7 35. Nf4 Rg7 36. Rbh1 Rb7 37. Nh5 Rg5 38. Nf4 b5 39. Nd5 e6 40. Ne3 Rd7 41. R8h5 Rxh5 42. Rxh5 Kg7 43. g4 Bf7 44. Rh2 Rd8 45. Rg2 Kg6 46. Nf1 Kg5 47. Kf3 Rh8 48. Rh2 Rxh2 49. Nxh2 e5 50. a3 1/2-1/2

[Event "Senta op 20th"]
[Site "Senta"]
[Date "2016.07.22"]
[Round "1"]
[White "Vujevic, Marko"]
[Black "Csizik, Karoly"]
[Result "0-1"]
[WhiteElo "1504"]
[BlackElo "2116"]
[PlyCount "48"]
[EventDate "2016.07.22"]
[EventType "swiss"]
[EventRounds "9"]
[EventCountry "SRB"]
[SourceTitle "EXT 2017"]
[Source "ChessBase"]
[SourceDate "2016.10.25"]
[SourceVersion "1"]
[SourceVersionDate "2016.10.25"]
[SourceQuality "1"]

1. e4 c5 2. Nf3 Nc6 3. d4 cxd4 4. Nxd4 Nf6 5. Nc3 e5 6. Nb3 Bb4 7. Bd3 0-0 8. Bd2 Bxc3 9. Bxc3 d5 10. exd5 Nxd5 11. Qd2 e4 12. Be2 Be6 13. Nc5 e3 14. fxe3 Qh4+ 15. g3 Qe7 16. Nxe6 Qxe6 17. 0-0-0 Nxc3 18. Qxc3 Qxa2 19. Qa3 Qe6 20. Rd6 Qe4 21. Rf1 Nb4 22. Qc3 Rac8 23. Bf3 Na2+ 24. Kd2 Nxc3 0-1

[Event "Subotica-ch op"]
[Site "Subotica"]
[Date "2016.02.24"]
[Round "2"]
[White "Jelovac, Ivko"]
[Black "Vujevic, Marko"]
[Result "1/2-1/2"]
[WhiteElo "1951"]
[BlackElo "1396"]
[PlyCount "64"]
[EventDate "2016.02.22"]
[EventType "swiss"]
[EventRounds "9"]
[EventCountry "SRB"]
[SourceTitle "CBM 171 Extra"]
[Source "ChessBase"]
[SourceDate "2016.04.26"]
[SourceVersion "1"]
[SourceVersionDate "2016.04.26"]
[SourceQuality "1"]

1. e4 d5 2. exd5 Nf6 3. d4 Nxd5 4. Nf3 Bg4 5. Be2 Nc6 6. Nc3 e6 7. Nxd5 Qxd5 8. Be3 0-0-0 9. c3 f6 10. Qb3 Ne7 11. h3 Bh5 12. c4 Qd7 13. 0-0 Nf5 14. g4 Nxe3 15. Qxe3 Bg6 16. d5 b6 17. dxe6 Qe8 18. Rfd1 Bc5 19. Rxd8+ Qxd8 20. Qc3 Re8 21. b4 Bf8 22. Nd4 Bxb4 23. Qf3 c6 24. Nxc6 Qd6 25. Nxa7+ Kb8 26. Nc6+ Kc7 27. Nxb4 Qxb4 28. Qg3+ Qd6 29. Qxd6+ Kxd6 30. Rd1+ Kxe6 31. Bf3 Ke7 32. Bd5 Kf8 1/2-1/2